[Event "West Bromwich Midland op-B"]
[Site "West Bromwich"]
[Date "2017.08.13"]
[Round "4"]
[White "Wootton, Stephen G"]
[Black "Mycock, Ken"]
[Result "0-1"]
[WhiteElo "1735"]
[BlackElo "1780"]
[PlyCount "102"]
[EventDate "2017.08.11"]
[EventType "swiss"]
[EventRounds "5"]
[EventCountry "ENG"]
[SourceTitle "CBM 180 Extra"]
[Source "ChessBase"]
[SourceDate "2017.10.06"]
[SourceVersion "1"]
[SourceVersionDate "2017.10.06"]
[SourceQuality "1"]

1. Nf3 Nf6 2. c4 g6 3. Nc3 Bg7 4. e4 d6 5. d4 0-0 6. h3 e5 7. d5 c5 8. Bg5 a6 9. Bd3 Nbd7 10. Qc1 Rb8 11. a4 Qb6 12. 0-0 Ne8 13. Be7 Kh8 14. Nh2 Rg8 15. Ng4 f6 16. Nh6 Bxh6 17. Qxh6 Rg7 18. a5 Qc7 19. Bxf6 Nexf6 20. f4 Qd8 21. Qh4 Rf7 22. f5 Kg7 23. Be2 Nf8 24. g4 Bd7 25. g5 Ng8 26. f6+ Nxf6 27. Qh6+ Kh8 28. gxf6 Rxf6 29. Rxf6 Qxf6 30. Rf1 Qg7 31. Qxg7+ Kxg7 32. Bg4 b6 33. axb6 Bxg4 34. hxg4 Rxb6 35. Rf2 Rb4 36. g5 Nd7 37. Na2 Rb3 38. Kg2 h6 39. gxh6+ Kxh6 40. Kf1 Kg5 41. Rg2+ Kh6 42. Rf2 Kg7 43. Nc3 Nb6 44. Kg1 Nxc4 45. Na4 Rb4 46. Nxc5 dxc5 47. Rc2 Nxb2 48. Rxc5 Rxe4 49. Rc6 Rd4 50. d6 a5 51. Rc7+ Kf6 0-1